000 00520nam a2200169Ia 4500
008 240729s9999 xx 000 0 und d
022 _a2663-8886
245 0 _aPakistan Journal of Gender Studies
260 _aPakistan
260 _bCentre of Excellence for Women’s Studies, University of Karachi
650 _a The family. Marriage. Woman
650 _a Women. Feminism
650 _aSocial Sciences
856 _uhttps://doaj.org/toc/22624e03bc524306b5dda82d7b39f5b2
942 _2ddc
942 _cDOAJEJ
999 _c72429
_d72429
945 _a1
_bMadushi Gamage
_c1
_dMadushi Gamage